7 De setembro: independência (Record no. 169279)

MARC details
000 -LÍDER
campo de controle de tamanho fixo 00387 a2200169 4500
001 - NÚMERO DE CONTROLE
campo de controle 169279
020 ## - ISBN - INTERNATIONAL STANDARD BOOK NUMBER
ISBN - International Standard Book Number 85-322-2053-3
040 ## - FONTE DA CATALOGAÇÃO
Instituição que transcreveu o registro Magnum
100 ## - ENTRADA PRINCIPAL--NOME PESSOAL
Nome pessoal Boulos Junior, Alfredo
240 10 - TÍTULO UNIFORME
Título uniforme 7 De setembro: independência
Idioma da obra por
245 10 - TÍTULO
Título 7 De setembro: independência
300 ## - DESCRIÇÃO FÍSICA
Extensão 36
362 0# - DATAS DE PUBLICAÇÃO E/OU DESIGNAÇÃO SEQUENCIAL
Datas de publicação e/ou designação sequencial 1996
440 #1 - DECLARAÇÃO DE SÉRIE/ENTRADA ADICIONADA--TÍTULO
Título FTD
697 ## - ENTRADA DE ASSUNTO LOCAL--ENTIDADE COLETIVA (RLIN)
Nome corporativo ou nome da jurisdição LITERATURA INFANTO-JUVENIL
942 ## - ELEMENTOS DE ENTRADA ADICIONADOS (KOHA)
Tipo de material Koha Livros
Holdings
Situação do descarte Situação das perdas Situação física Não pode ser emprestado Biblioteca de origem Biblioteca atual Data de aquisição Total de empréstimos Número de chamada completo Código de barras Data de último acesso Data do preço efetivo Tipo de material Koha
        Magnum Magnum 08/06/2024   869.2.477 MAG00013869 08/06/2024 08/06/2024 Livros
        Magnum Magnum 08/06/2024   869.2.477 MAG00013870 08/06/2024 08/06/2024 Livros
        Magnum Magnum 08/06/2024   869.2.477 MAG00013871 08/06/2024 08/06/2024 Livros
        Magnum Magnum 08/06/2024   869.2.477 MAG00013872 08/06/2024 08/06/2024 Livros
        Magnum Magnum 08/06/2024   869.2.477 MAG00013873 08/06/2024 08/06/2024 Livros
        Magnum Magnum 08/06/2024   869.2.477 MAG00013874 08/06/2024 08/06/2024 Livros
        Magnum Magnum 08/06/2024   869.2.477 MAG00013875 08/06/2024 08/06/2024 Livros
        Magnum Magnum 08/06/2024   869.2.477 MAG00013876 08/06/2024 08/06/2024 Livros
        Magnum Magnum 08/06/2024   869.2.477 MAG00013877 08/06/2024 08/06/2024 Livros
        Magnum Magnum 08/06/2024   869.2.477 MAG00013878 08/06/2024 08/06/2024 Livros
        Magnum Magnum 08/06/2024   869.2.477 MAG00013879 08/06/2024 08/06/2024 Livros